| 000 | 00703nam a2200205 a 4500 | ||
|---|---|---|---|
| 001 | 000045367 | ||
| 005 | 20260527074042.0 | ||
| 008 | 150305s2014 dr c 000 0 spa d | ||
| 040 |
_aDO-SdBNP _bspa _cBNPHU |
||
| 082 |
_a324.27293 _bA398p |
||
| 245 | 0 | 0 | _aAlianza país valida reconocimiento electoral. |
| 260 |
_aSanto Domingo : _bAlianza país, _c2014. |
||
| 300 |
_a90 p. : _bretrs. ; _c22 cm. |
||
| 504 | _aBibliografía: p. 91 | ||
| 590 | _aInventariado, 2019/MFF | ||
| 610 | 2 | 4 |
_aALIANZA PAÍS (REPÚBLICA DOMINICANA) _973403 |
| 650 | 0 |
_aPartidos políticos _zRepública Dominicana _9285 |
|
| 651 | 0 |
_aRepública Dominicana _xPolítica y gobierno _945 |
|
| 910 | _aValidado. Control de calidad MFF | ||
| 999 |
_c44856 _d44856 |
||